000
00217nam a22000857a 4500
008
170216b xxu||||| |||| 00| 0 eng d
100
_9
2895
_a
Sharma.S.C
245
_a
Financial Statments XII-B
260
_a
New Delhi
_b
AP
_c
2012
999
_c
6124
_d
6124